00442cam a2200169ua 45000010005000000080039000050200015000440400009000590410008000680820008000761000029000842450083001132500009001962600036002053000012002416530019002538625150210n xxk |||gr||||Z||||||eng a0719007143 cMAIN aeng a821 aThomson, V. F.,eAuthor.1 aPoetic artifice : bTheory of twentirth-century poetry / cBy V. F. Thomson .  a1st. aManchester:bManchester,c1978. ax,174p. aEnglish poetry